2021 Movies by Screenshot - Statistics

General Stats
  • This quiz has been taken 1,052 times
  • The average score is 12 of 16
Answer Stats
Picture Answer % Correct
Spider-Man: No Way Home
99%
Black Widow
90%
Dune
85%
Venom: Let There Be Carnage
85%
Sing 2
81%
Encanto
80%
No Time to Die
80%
The Suicide Squad
80%
Godzilla vs. Kong
76%
Eternals
74%
Ghostbusters: Afterlife
74%
Shang-Chi and the Legend of the Ten Rings
74%
Luca
71%
Raya and the Last Dragon
55%
F9
32%
CODA
15%
No matching quizzes found
Score Distribution
Percent of People with Each Score
Percentile by Number Answered
Your Score History
You have not taken this quiz